Земље које граниче са Србијом - Statistics

General Stats
  • This quiz has been taken 885 times
  • The average score is 7 of 8
Answers on the Map
Answers color-coded by a green-red scale on the quiz's map according to % correct below.
 
Answer Stats
Земље % Correct
Босна и Херцеговина
98%
Хрватска
96%
Црна Гора
95%
Румунија
93%
Северна Македонија
92%
Албанија
91%
Бугарска
91%
Мађарска
57%
No matching quizzes found
Score Distribution
Percent of People with Each Score
Percentile by Number Answered
Your Score History
You have not taken this quiz